[Event "Hokkaido Ch.2017"]
[Site "Sapporo"]
[Date "2017.03.25"]
[Round "2.1"]
[White "Watanabe, Katsumi"]
[Black "Yamada, Akihiro"]
[Result "0-1"]
[WhiteElo "1732"]
[BlackElo "1970"]
[Annotator "Fritz 15 (30s)"]
[PlyCount "72"]

{D94: Gr・feld: 4 Nf3 Bg7 5 e3} 1. d4 Nf6 2. c4 c5 3. e3 g6 4. Nf3 d5 5. Nc3
Bg7 6. Be2 cxd4 7. exd4 O-O 8. O-O Nc6 9. a3 {White has a very active position}
a5 $146 {White has an active position} (9... dxc4 10. Bxc4 e6 (10... Bg4 11. d5
Bxf3 12. Qxf3 Ne5 13. Qe2 Nxc4 14. Qxc4 Nd7 15. Rd1 Nb6 16. Qb3 Qc7 17. Bg5 h6
18. Bh4 g5 19. Bg3 Qc4 20. Qb4 Qxb4 21. axb4 Nc4 22. d6 exd6 23. Nb5 Nxb2 24.
Rd5 Nc4 25. Rad1 {De Lange,D (2210)-Bletz,H (2200) Gausdal 1982 0-1 (41)}) 11.
Bf4 a6 12. Qd2 Ne7 13. Rad1 b5 14. Bb3 Bb7 15. Ne5 Rc8 16. Bg5 Qd6 17. Rfe1
Ned5 18. Bxd5 Bxd5 19. Bxf6 Bxf6 20. Qf4 Qd8 21. Nxd5 {1/2-1/2 (21)
Schlesinger,O (2221)-Sunder,T (2222) Germany 2008}) (9... Bg4 10. cxd5 (10. Be3
Rc8 11. c5 Ne4 12. h3 Be6 13. Qa4 h6 14. Rfd1 f5 15. Bf4 g5 16. Be5 g4 17. hxg4
fxg4 18. Nh4 Nxc3 19. bxc3 Bxe5 20. dxe5 Nxe5 21. c4 Qc7 22. Qxa7 Nxc4 23. Rab1
Qf4 24. c6 b6 {Vorovic,A (2196)-Fiacan,R (2194) Slovakia 2006 0-1 (34)}) 10...
Nxd5 11. h3 Be6 12. Bg5 Nb6 13. Qc1 Rc8 14. Rd1 Bb3 15. Re1 Bxd4 16. Nxd4 Nxd4
17. Bg4 Rc7 18. Qf4 f6 19. Bh6 e5 20. Qg3 Rff7 21. Nb5 Nxb5 22. Qxb3 Nd4 23.
Rad1 Kh8 24. Qg3 {Bregadze,L (2435)-Zherebukh,Y (2625) Rockville 2014 1/2-1/2 
(60)}) (9... dxc4 10. Bxc4 Bg4 11. Be3 $11) 10. Be3 {White has a very active
position} Bg4 {White has an active position} 11. Ne5 {White threatens to win
material: Ne5xg4} Be6 12. cxd5 {White forks: c6+e6} (12. c5 Nxe5 13. dxe5 Ne4
$14) 12... Nxd5 {The knight feels good on d5.} 13. Nxc6 (13. Nf3 Qb6 $11) 13...
bxc6 $15 14. Qc1 {White has an active position} Rb8 15. Na4 (15. Nxd5 Bxd5 16.
Rd1 Qd7 $15) 15... Bf5 16. Bh6 Nb6 (16... Bxh6 17. Qxh6 Qd6 18. Qd2 $17) 17.
Bxg7 $15 Kxg7 {Black king safety dropped} 18. Qd1 (18. Nxb6 Qxb6 19. Qe3 Qxb2
$17) 18... Nxa4 $17 19. Qxa4 Be4 (19... Rxb2 20. Bf3 $17) 20. b3 $15 Qd5 {
Black threatens to win material: Qd5xb3} 21. Bc4 {White threatens to win
material: Bc4xd5} Qg5 22. f3 Bd5 23. Rae1 e6 {Covers d5} (23... Bxc4 $142 24.
Qxc4 Rfd8 $15) 24. Re5 (24. Qxa5 $142 {and White hangs on} Qe7 25. a4 $11)
24... Qd2 $17 25. Bxd5 (25. Rfe1 $5 $17) 25... cxd5 $19 26. Rfe1 Rfc8 27. R5e2
Qc3 28. Re3 Qd2 {White king safety dropped} (28... Qb2 $5 29. R1e2 Rc1+ 30. Kf2
$19) 29. R3e2 $17 Qd3 30. Re3 Qc2 31. Qxa5 Rxb3 (31... Qb2 32. Qa7 Ra8 33. Qe7
$19) 32. Rxb3 Qxb3 33. Qb4 Qd3 (33... Qa2 $142 34. Qd6 Rc2 35. Qe5+ f6 $17) 34.
Rb1 $4 (34. Rxe6 $142 $1 {would keep White alive} Rc4 35. Qe7 Qxd4+ 36. Re3 $15
) 34... Rc4 (34... Qe3+ $142 {makes it even easier for Black} 35. Kf1 Rc2 $19)
35. Qb2 $4 {White falls apart} (35. Qe1 $142 Qxd4+ 36. Kh1 $19) 35... Rc2 36.
Qb3 Qd2 (36... Qd2 37. Qxc2 Qxc2 $19) 0-1

[Event "Hokkaido Ch.2017"]
[Site "Sapporo"]
[Date "2017.03.25"]
[Round "2.2"]
[White "Sato, Tsubasa"]
[Black "Aoki, Yasuhiro"]
[Result "1/2-1/2"]
[WhiteElo "1677"]
[BlackElo "1778"]
[Annotator "Fritz 15 (30s)"]
[PlyCount "128"]

{B07: Pirc Defence: Miscellaneous Systems} 1. e4 d6 2. Nf3 Nf6 3. d3 g6 4. h3
$146 {Controls g4} (4. Be2 Bg7 5. O-O O-O 6. Re1 Nc6 (6... e5 7. Bf1 Nc6 8. c3
Ne8 9. b4 Kh8 10. b5 Ne7 11. d4 Bg4 12. dxe5 Bxe5 13. h3 Bxf3 14. Qxf3 Qc8 15.
Nd2 c6 16. Nc4 Bg7 17. a4 f5 18. e5 d5 19. Nd6 Nxd6 20. exd6 Ng8 21. Ba3 {
Meissner,H (2255)-Pape,J (2325) Germany 1996 1-0 (60)}) 7. h3 e5 8. Bf1 h6 9.
Nbd2 Be6 10. c3 Ne7 11. d4 Nh7 12. Qc2 c6 13. b3 Qc7 14. Ba3 Rfe8 15. Rad1 Rad8
16. dxe5 dxe5 17. Bc4 Nc8 18. Bxe6 Rxe6 {Stocko,J (2341)-Mrkonjic,N (2373)
Osijek 2015 1/2-1/2 (31)}) (4. g3 Bg7 5. Bg2 c5 6. Nbd2 Nc6 7. c3 Bd7 8. O-O
Qc8 9. Re1 Bh3 10. Bh1 O-O 11. a4 h6 12. Nc4 Ng4 13. Ne3 e5 14. Nh4 Nxe3 15.
Bxe3 g5 16. Nf5 Bxf5 17. exf5 Qxf5 18. h4 g4 {Todorcevic,M (2450)-Velimirovic,
D (2438) Belgrade 2009 1-0 (32)}) 4... Bg7 5. Be3 O-O 6. Nbd2 c5 7. c3 Nc6 8.
d4 cxd4 9. cxd4 {Black has a cramped position.} Qa5 10. Qb3 $4 {gives the
opponent counterplay} (10. Bd3 $142 $11 {and White could well hope to play on})
10... Nxe4 $17 11. Bd3 (11. Qd1 Nxd2 12. Bxd2 Qf5 $17) 11... Nxd2 (11... Be6 $5
12. Qd1 Nxd2 13. Bxd2 $19) 12. Bxd2 $17 Qd8 (12... Qb6 13. Qxb6 axb6 14. Bc3
$17) 13. Bc3 (13. d5 Ne5 14. Nxe5 Bxe5 15. O-O $15) 13... Na5 {Black threatens
to win material: Na5xb3} (13... Be6 $5 14. Qd1 Qb6 $17) 14. Qb5 (14. Qd5 Nc6
15. Qb3 Be6 $17) 14... Nc6 15. Be4 {White threatens to win material: Be4xc6} (
15. Qb3 $5 $11 {must be considered}) 15... a6 $17 {Black threatens to win
material: a6xb5} 16. Qb3 Qd7 (16... e6 17. Qd1 $17) 17. O-O $15 Rb8 (17... b5
18. Rfe1 $15) 18. a4 (18. d5 Ne5 $11) 18... b6 {Secures a5} (18... b5 19. axb5
Rxb5 20. Qa4 $15) 19. Rfc1 (19. d5 Ne5 $11) 19... Nd8 {Black has a cramped
position} (19... Bb7 20. d5 Ne5 21. Nd4 $11) 20. Nd2 (20. d5 $142 $5 {is
worthy of consideration} e5 21. dxe6 Nxe6 22. Bxg7 Kxg7 23. Bc6 $11) 20... Ne6
$17 21. Nf3 Nf4 22. Re1 $2 (22. Qd1 Nxg2 $1 {Black moves ahead of the opponent}
23. Bd2 d5 $17) 22... Bb7 $4 {Black has let it slip away} (22... d5 $142 {
and Black can already relax} 23. Bd2 Nxh3+ 24. gxh3 dxe4 25. Rxe4 Qxh3 $19) 23.
Nd2 Bxe4 24. Rxe4 Ne6 25. Rae1 d5 26. R4e2 Nxd4 (26... Rfc8 27. Nf3 $17) 27.
Bxd4 Bxd4 28. Rxe7 Qf5 {Black threatens to win material: Qf5xf2} 29. Nf3 {
White threatens to win material: Nf3xd4} Bf6 {Black threatens to win material:
Bf6xe7} 30. Ra7 Rfe8 (30... b5 $5 $17) 31. Rd1 {[%cal Rb3d5,Rd1d5,Gf5d5] The
isolani on d5 becomes a target. White threatens to win material: Rd1xd5} Re2
32. Qxd5 Qxd5 33. Rxd5 Rxb2 34. Rxa6 (34. Rdd7 b5 35. Rxf7 Bc3 36. Rxh7 bxa4
$16) 34... Rb1+ 35. Kh2 Rb2 36. Rd2 Rxd2 37. Nxd2 Bd4 38. f3 (38. Kg1 Re8 39.
Kf1 Bc3 $11) 38... Rc8 $15 39. Ne4 Be5+ 40. Kg1 (40. g3 Rc2+ 41. Kh1 $17) 40...
Rc1+ (40... f5 $142 41. Nd2 Rc2 42. Ra8+ Kf7 $17) 41. Kf2 $11 Rc2+ 42. Kf1 Rc1+
43. Kf2 Rc2+ {Twofold repetition} 44. Kf1 f5 45. Ra8+ (45. Ng5 Rc1+ 46. Kf2 h6
47. Ra8+ Kg7 48. Ra7+ Kf6 49. Nh7+ Ke6 50. Nf8+ Kf6 $11) 45... Kg7 $15 46. Ng5
Bg3 47. Ra7+ (47. f4 h5 $15) 47... Kf6 {Black threatens to win material: Kf6xg5
} (47... Kh6 $142 $5 48. Nxh7 Rf2+ 49. Ke1 Rxg2+ 50. Kd1 Rf2 $17) 48. Nxh7+ $11
Ke5 49. Ra6 $4 (49. Nf8 $142 $11 {would keep White in the game}) 49... Rf2+ $19
50. Kg1 $4 {shortens the misery for White} (50. Ke1 Rxg2+ 51. Kf1 Rf2+ 52. Kg1
Rb2 $19) 50... Rb2 (50... Re2 51. Ra5+ bxa5 52. f4+ Kxf4 53. Kf1 Re1#) 51. Kf1
$19 Kf4 52. Ra8 Bf2 $4 {Black is ruining his position} (52... Rf2+ $142 {
would have given Black a clear advantage} 53. Ke1 Rxg2+ 54. Kd1 Kxf3 55. Ng5+
Kf2 $19) 53. Re8 (53. Rg8 Ke3 54. Re8+ Kd3 $11) 53... Kg3 (53... Bh4 $142 54.
Rg8 Rf2+ 55. Kg1 Re2 56. g3+ Bxg3 57. Rxg6 Rb2 $17) 54. Nf6 $2 (54. Rg8 $142
$11 {is the best option White has}) 54... Rb1+ $19 55. Ke2 Re1+ (55... Kxg2
$142 $5 56. Rg8 Re1+ 57. Kd3 Kxf3 58. Rxg6 Rd1+ 59. Kc2 Rd4 $19) 56. Kd3 $17
Rxe8 57. Nxe8 Kxg2 58. Ke2 Bg3 (58... Bd4 $5 59. Nc7 Kxh3 $17) 59. Nf6 $11 Bc7
(59... Kxh3 $5 60. Nd5 g5 61. Nxb6 g4 62. fxg4 fxg4 $11) 60. Nd5 $14 {White
threatens to win material: Nd5xc7} Bd8 61. Nf4+ {White forks: g6} Kg3 {Black
threatens to win material: Kg3xf4} 62. Nxg6 Kxh3 (62... Bf6 63. Ke3 Bg5+ 64. f4
$14) 63. Ne5 (63. Nf4+ $142 Kg3 64. Nh5+ Kg2 65. Ng7 $16) 63... Kg3 $11 64. Nc4
Kf4 1/2-1/2

[Event "Hokkaido Ch.2017"]
[Site "Sapporo"]
[Date "2017.03.25"]
[Round "2.3"]
[White "Manabe, Hiroaki"]
[Black "Numata, Takeshi"]
[Result "0-1"]
[WhiteElo "1755"]
[BlackElo "1656"]
[Annotator "Fritz 15 (30s)"]
[PlyCount "60"]

{C06: French Tarrasch: 3...Nf6 4 e5 Nfd7 5 Bd3 main lines} 1. e4 e6 2. d4 d5 3.
Nd2 Nf6 4. e5 Nfd7 5. Bd3 c5 6. c3 Nc6 7. Ngf3 Qb6 8. O-O cxd4 9. cxd4 Nxd4 10.
Nxd4 Qxd4 11. Nf3 Qb6 12. Qa4 Bc5 (12... Be7 13. Qg4 g6 14. a3 Qb3 15. Be2 h5
16. Qf4 Nc5 17. Nd4 Qb6 18. Nb5 Ne4 19. Be3 Qd8 20. h4 a6 21. f3 Ng3 22. Qxg3
axb5 23. Bxb5+ Bd7 24. Bxd7+ Qxd7 25. Qf2 O-O 26. Rac1 Rfc8 27. g3 {Belotti,B 
(2405)-Huebner,R (2612) Switzerland 2002 0-1 (45)}) 13. Qg4 (13. a3 Be7 14. Bd2
O-O 15. Ba5 Qxb2 16. Rfb1 Nc5 17. Qd1 Qxa1 18. Rxa1 Bd7 19. Bb4 b6 20. a4 Rfc8
21. Bb5 Be8 22. Nd4 Rc7 23. a5 Rac8 24. Bxe8 Rxe8 25. Nb5 Rb7 26. Rc1 Rd8 27.
Nxa7 Rxa7 {Lagerman,R (2348)-Andersson,C (2194) Reykjavik 2008 1-0 (51)}) 13...
Kf8 {Black loses the right to castle} 14. h4 $146 {Black has a cramped
position. Black's piece can't move: c8} (14. Bd2 Qxb2 15. Qf4 Qb6 16. Ng5 Nxe5
17. Qxe5 f6 18. Qf4 e5 19. Qf3 e4 20. Nxe4 dxe4 21. Bxe4 Bd7 22. Rab1 Qe6 23.
Rxb7 Rd8 24. Bd5 Qf5 25. Qxf5 Bxf5 26. Rf7+ Kg8 27. Rd7+ Kf8 28. Rxd8+ Ke7 {
Mencinger,V (2390)-Perhinig,R (2185) Austria 1996 1-0}) 14... f6 {Black
threatens to win material: f6xe5} (14... Be7 15. h5 $11) 15. Qf4 (15. exf6 Nxf6
16. Qg3 Bd7 $14) 15... Qb4 (15... Nxe5 16. Nxe5 Bd6 17. Nc4 dxc4 18. Qxc4 $15)
16. Qg3 (16. exf6 Nxf6 17. Qg3 Kg8 $14) 16... fxe5 (16... f5 17. Bd2 Qg4 18.
Qh2 $11) 17. Nxe5 (17. Bd2 $5 {is worth looking at} Qb6 18. Bc3 $14) 17... Nxe5
$11 18. Qxe5 Bd6 19. Qh5 Bd7 20. Bxh7 $2 (20. Rd1 $142 $5 $11 {and White can
hope to live}) 20... Qe4 $1 $17 {Deflection: h7} 21. Bxe4 Rxh5 22. Bd3 Rxh4 23.
Be3 $2 (23. g3 Rh8 $17) 23... Kf7 (23... Bh2+ $142 $5 24. Kh1 Kf7 $19) 24. g3
Rh3 25. Rfc1 (25. Be2 e5 26. Bf3 d4 $17) 25... Bc6 (25... Rah8 26. Bf1 Rh1+ 27.
Kg2 $19) 26. Kf1 $2 (26. Bf1 Rh5 $17) 26... g6 (26... e5 $5 27. Ke2 Ke6 28. Rg1
$19) 27. Ke2 e5 28. Bg5 $2 (28. Rh1 $142 Rxh1 29. Rxh1 $19) 28... e4 29. Bc2 (
29. Ba6 {desperation} Rh2 30. a4 Bxg3 31. Be3 $19) 29... Rh5 30. Be3 (30. Bf4 {
a last effort to resist the inevitable} Bb5+ 31. Kd2 Bb4+ 32. Ke3 Bc5+ 33. Kd2
$19) 30... Bb5+ (30... Bb5+ 31. Bd3 Bxd3+ 32. Kd2 Bb4+ 33. Rc3 Bxc3+ 34. bxc3
Rh2 $19) 0-1

[Event "Hokkaido Ch.2017"]
[Site "Sapporo"]
[Date "2017.03.25"]
[Round "2.5"]
[White "Sato, Yasuji"]
[Black "Hakamada, Eiji"]
[Result "0-1"]
[WhiteElo "1555"]
[BlackElo "1432"]
[Annotator "Fritz 15 (30s)"]
[PlyCount "142"]

{C02: French: Advance Variation} 1. e4 e6 2. d4 d5 3. e5 c5 4. c3 Nc6 5. Nf3
Qb6 6. Bd3 Bd7 7. Nbd2 $146 (7. O-O f6 (7... a5 8. Nbd2 cxd4 9. Nb3 Nge7 10.
cxd4 Ng6 11. a4 Nb4 12. h4 Nxd3 13. Qxd3 h6 14. h5 Ne7 15. Nc5 Nc6 16. Be3 Bxc5
17. dxc5 Qb4 18. Bd4 O-O 19. Ra3 Nxd4 20. Qxd4 Rfc8 21. Rc3 Qxb2 22. Qd3 {
Pirrot,D (2422)-Al Modiahki,M (2550) Bad Wiessee 2006 0-1 (39)}) (7... Nge7 8.
Na3 cxd4 9. cxd4 Nb4 10. Be2 Rc8 11. Bd2 Nf5 12. Bxb4 Bxb4 13. Nc2 Be7 14. b3
O-O 15. Bd3 Bb5 16. Qe2 Bxd3 17. Qxd3 Rc7 18. Ne3 Nxe3 19. Qxe3 Rfc8 20. Rac1
Ba3 21. Rxc7 Qxc7 22. Qd3 {Dimitrov,P (2329)-Danov,L (2226) Plovdiv 2014 0-1 
(55)}) (7... Rc8 8. dxc5 Bxc5 9. b4 Bf8 (9... Be7 10. a3 Nh6 11. Be3 Qc7 12.
Bd4 Nxd4 13. cxd4 O-O 14. Nbd2 Qb6 15. Nb3 Ba4 16. Qb1 Bxb3 17. Qxb3 Rc7 18.
Rac1 Rfc8 19. Qb1 g6 20. Rxc7 Qxc7 21. Nd2 a5 22. bxa5 Bxa3 23. Qb5 Nf5 24.
Bxf5 {Pacorro,F (2200)-Rivas Pastor,M (2520) Ceuta 1992 1/2-1/2 (36)}) 10. a4
Qc7 11. Qe2 g6 12. Na3 Qb8 13. Re1 Be7 14. Bg5 Nxe5 15. Nxe5 Bxg5 16. Nxd7 Kxd7
17. c4 d4 18. Qe4 Ke7 19. Rad1 Rd8 20. Nc2 Nf6 21. Qf3 Rd7 22. c5 {Szuk,B 
(2310)-Ezsol,M (2325) Gyor 1992 0-1 (48)}) 8. Re1 c4 9. Bc2 O-O-O 10. b3 cxb3
11. axb3 fxe5 12. Nxe5 Nxe5 13. Rxe5 Bd6 14. Rg5 g6 15. c4 Bb8 16. cxd5 exd5
17. Rxd5 Nf6 18. Rc5+ Bc6 19. Bg5 Qxc5 20. dxc5 Rxd1+ 21. Bxd1 Re8 {Klauner,T 
(2200)-Baptista,P (2200) Graz 1978 1-0 (41)}) (7. dxc5 $5 Bxc5 8. O-O $11) 7...
cxd4 $15 8. cxd4 Nh6 (8... Nb4 9. Bb1 $15) 9. O-O Nf5 {[%cal Rb6d4,Rc6d4,Rf5d4,
Gf3d4] Will d4 fall?} 10. Bxf5 exf5 {Black has the pair of bishops} 11. Nb3 Bb4
12. a3 Be7 13. Bg5 h6 14. Bxe7 Nxe7 15. Nc5 Bb5 {Black threatens to win
material: Bb5xf1} 16. Re1 O-O 17. e6 f6 {Covers e5+g5} 18. a4 Bc6 19. b3 Qb4
20. Qd3 (20. Nd3 Qd6 $14) 20... b6 $11 21. Na6 Qd6 22. Nh4 {White threatens to
win material: Nh4xf5} Bb7 23. Rac1 Bxa6 24. Qxa6 Qb4 {Black threatens to win
material: Qb4xb3. Black forks: b3+d4} 25. Qd3 Rac8 (25... f4 26. g3 $14) 26.
Kf1 (26. Nxf5 $142 Rxc1 27. Rxc1 Nxf5 28. Qxf5 $16) 26... g5 $4 (26... Rxc1
$142 {was much better} 27. Rxc1 Qd6 28. Nxf5 Qxe6 29. Nxe7+ Qxe7 $11) 27. Nxf5
$18 Rxc1 (27... Rfe8 28. Nxe7+ Qxe7 29. Rxc8 Rxc8 30. Qg6+ Qg7 31. Qf5 $18) 28.
Nxe7+ (28. Rxc1 $142 {might be the shorter path} Nxf5 29. Qxf5 Qe7 30. Qxd5 Re8
$18) 28... Qxe7 29. Qg6+ (29. Rxc1 $5 {makes it even easier for White} f5 30.
Re1 g4 $18) 29... Qg7 30. Qxg7+ Kxg7 31. Rxc1 Re8 32. Rc6 (32. Rc7+ Kg6 33.
Rxa7 Rxe6 $18) 32... Kg6 33. g4 h5 34. h3 (34. gxh5+ Kxh5 35. Rc7 Kg4 36. Rxa7
Rxe6 $18) 34... hxg4 $16 35. hxg4 f5 36. e7+ Kf7 37. Rd6 {White threatens to
win material: Rd6xd5} (37. gxf5 $5 Rxe7 38. Kg2 $16) 37... Rxe7 38. Rxd5 fxg4
39. Rxg5 Re4 40. d5 (40. a5 $5 $16) 40... Kf6 41. Rh5 Kg6 (41... Rb4 $5 $11 {
is an interesting alternative}) 42. Rh8 $16 Rd4 (42... Kf5 $16) 43. Rg8+ (43.
Ra8 Kf6 44. Rxa7 Rb4 $16) 43... Kf7 (43... Kf5 44. Ra8 a5 45. Rb8 $11) 44. Rg5
(44. Rb8 $5 $16) 44... Kf6 $11 45. Rh5 Kg6 (45... Rd3 46. Rh7 $11) 46. Re5 (46.
Rh4 Kg5 47. Rh7 a5 $14) 46... Kf7 (46... Kf6 47. Re6+ Kf5 48. Re7 $11) 47. Kg2
Rd3 (47... Kf6 48. Re6+ Kf5 49. Re7 $14) 48. Rf5+ (48. Re3 $5 Rxd5 49. Re4 $14)
48... Ke7 $11 49. Re5+ Kd6 {[%cal Rd3d5,Rd6d5,Ge5d5] Attacks the isolani on d5.
Black threatens to win material: Kd6xe5} 50. Re8 (50. Re6+ Kxd5 51. Re7 Rxb3
52. Rxa7 $11) 50... Kc5 (50... Rxb3 51. Re4 $15) 51. Re5 (51. d6 $142 $14 {
and White has air to breath}) 51... Rxb3 $17 52. Re3 $4 {solves nothing} (52.
d6+ $142 Kxd6 53. Re4 $15) 52... Rb4 (52... Rxe3 53. fxe3 Kxd5 54. Kf1 a6 55.
Kg2 Ke4 56. Kg3 b5 57. a5 Kxe3 58. Kxg4 b4 59. Kf5 b3 60. Ke6 Ke4 61. Kf6 b2
62. Ke6 b1=Q 63. Kf6 Qa1+ 64. Ke7 Ke5 65. Kf7 Qg1 66. Ke7 Qg7+ 67. Ke8 Kd6 68.
Kd8 Qh8#) 53. Ra3 (53. a5 bxa5 54. Rd3 Kd6 $19) 53... a5 54. Rd3 Kd6 55. Kg3 $4
{terrible, but the game is lost in any case} (55. Ra3 $19) 55... Rxa4 56. Rb3 (
56. f4 {doesn't do any good} gxf3 57. Rxf3 b5 $19) 56... Rb4 57. Rd3 (57. Ra3 {
what else?} a4 58. Ra1 $19) 57... a4 58. Kh4 (58. Kg2 {doesn't change the
outcome of the game} Rb3 59. Rd4 a3 $19) 58... b5 (58... g3+ $142 {and Black
has triumphed} 59. Kh3 gxf2 60. Kg2 $19) 59. Kg5 (59. Ra3 g3+ $1 {Double
attack: a3/g3} 60. Kh3 gxf2 61. Kg2 $19) 59... Rb3 60. Rd2 b4 61. Kxg4 a3 62.
f4 Rb2 63. Rd1 b3 64. Ra1 a2 65. f5 (65. Re1 {doesn't change anything anymore}
Rb1 66. Re6+ Kc5 67. Rc6+ Kxd5 68. Rc8 a1=Q 69. Kf5 Qa5 70. Re8 Re1 71. Rg8 b2
72. Rg5 Re5+ 73. Kg4 Rxg5+ 74. Kxg5 b1=Q 75. Kg4 Qd2 76. Kg3 Qg1+ 77. Kh3 Qdh2#
) 65... Kxd5 (65... Rb1 66. Kf3 Rxa1 67. Ke2 Rg1 68. Ke3 a1=Q 69. Kd3 Kc5 70.
Ke4 Qe1+ 71. Kf3 Rg3+ 72. Kf4 Qe3#) 66. Rd1+ Ke5 67. Re1+ Kf6 68. Re6+ Kf7 69.
Ra6 Rg2+ 70. Kf3 (70. Kh5 {cannot change what is in store for ?} b2 71. Ra7+
Kf6 72. Ra6+ Kxf5 73. Ra5+ Ke6 74. Ra6+ Kd5 75. Ra5+ Kc4 76. Rxa2 b1=Q 77. Rxg2
Qh1+ 78. Kg5 Qxg2+ 79. Kf5 Kd5 80. Kf4 Qf2+ 81. Kg5 Ke6 82. Kg4 Kf6 83. Kh3 Qg1
84. Kh4 Qg2 85. Kh5 Qh3#) 70... Rg1 71. Kf2 (71. Ra7+ {doesn't get the bull
off the ice} Kf6 72. Ra6+ Kxf5 73. Ra5+ Kf6 74. Ra6+ Ke5 75. Ra5+ Kd4 76. Ra8
a1=Q 77. Rd8+ Ke5 78. Re8+ Kd6 79. Rd8+ Ke7 80. Rb8 Qd1+ 81. Ke3 Re1+ 82. Kf4
Qd4+ 83. Kg3 Re3+ 84. Kf2 Qd2+ 85. Kg1 Re1#) 71... a1=Q (71... a1=Q 72. Rxa1
Rxa1 73. Kf3 b2 74. Ke4 b1=Q+ 75. Kd4 Qb4+ 76. Kd3 Ra3+ 77. Kc2 Qc3+ 78. Kd1
Qb2 79. Ke1 Ra1#) 0-1

[Event "Hokkaido Ch.2017"]
[Site "Sapporo"]
[Date "2017.03.25"]
[Round "2.6"]
[White "Shibuya, Kaisei"]
[Black "Sato, Takeru"]
[Result "1-0"]
[WhiteElo "1529"]
[BlackElo "1230"]
[Annotator "Fritz 15 (30s)"]
[PlyCount "79"]

{B07: Pirc Defence: Miscellaneous Systems} 1. e4 Nf6 2. Nc3 d6 3. Nf3 g6 4. Bc4
Bg7 5. O-O (5. h3 c5 6. e5 dxe5 7. Nxe5 O-O 8. O-O Nbd7 9. Nf3 Nb6 10. Be2 Nbd5
11. Nxd5 Nxd5 12. d4 cxd4 13. Nxd4 Qb6 14. c3 Rd8 15. Qb3 Bxd4 16. cxd4 Qxb3
17. axb3 Be6 18. Bc4 Nb4 19. Be3 Nc6 {Alburt,L (2530)-Seirawan,Y (2585) USA
1989 1/2-1/2 (52)}) 5... O-O (5... Nc6 6. h3 e5 7. d4 exd4 8. Nxd4 O-O 9. Nxc6
bxc6 10. Bb3 Nd7 11. Be3 Ba6 12. Re1 Nb6 13. Bd4 Qg5 14. Bxg7 Kxg7 15. Qd4+ f6
16. Re3 Rae8 17. Rae1 Re7 18. Rg3 Qa5 19. Qd1 Rfe8 20. Rge3 {Boehm,M (2298)
-Koch,W (2310) Germany 2011 1-0 (37)}) 6. d3 Bg4 7. h3 $146 (7. Bb3 Nc6 8. h3
Bxf3 9. Qxf3 Nd4 10. Qe3 Nd7 11. Ne2 Nxb3 12. axb3 a6 13. Ra2 c6 14. Bd2 d5 15.
Ba5 Qc8 16. Bc3 e5 17. Bb4 Re8 18. Raa1 Qc7 19. Qf3 Nf6 20. Ng3 Rac8 21. Rfd1
Qd7 {Issing,P (2273)-Hummel,D (2259) Germany 2008 1-0 (72)}) 7... Bxf3 8. Qxf3
c6 {Consolidates b5} (8... Nc6 9. Bg5 $11) 9. Re1 b5 (9... Nfd7 10. Bb3 $11)
10. Bb3 (10. Bxb5 d5 11. e5 Nfd7 12. Nxd5 cxd5 13. Qxd5 Nb6 14. Qxd8 Rxd8 $11)
10... a5 $11 11. a3 a4 {This push gains space} 12. Ba2 Qc7 13. Bf4 e5 14. Bh2
Nbd7 15. Ne2 c5 16. c3 c4 {Black gets more space} 17. Rad1 Qc6 18. Nc1 cxd3 (
18... Qc7 19. Bb1 $14) 19. Nxd3 $14 Nc5 {Black threatens to win material:
Nc5xe4} 20. Nb4 Qc7 21. Nd5 Nxd5 22. Bxd5 Rae8 23. Rc1 Nb3 (23... Bh6 24. Rb1
$14) 24. Bxb3 $16 axb3 25. Qd1 {White threatens to win material: Qd1xb3} (25.
Rcd1 Re6 $16) 25... Bh6 (25... Qc4 $142 $14) 26. Qxb3 $4 {with this move White
loses his initiative} (26. Rb1 $142 $16) 26... Bxc1 $17 27. Rxc1 Qc4 28. Qd1 (
28. Qc2 $5 $17) 28... Qxe4 29. Qxd6 Rd8 {Black threatens to win material:
Rd8xd6} (29... Qe2 $142 $19 {and Black is on the road to success}) 30. Qxe5 $11
{White forks: b5+e4.} Qc2 {Black has a mate threat} (30... Qc6 31. Bf4 Rfe8 32.
Qg5 $15) 31. Bf4 Qf5 32. Qxf5 gxf5 33. Re1 (33. g3 $5 $14) 33... Rfe8 $11 {
Black threatens to win material: Re8xe1} 34. Kf1 Re4 35. g3 Rde8 (35... Rxe1+
36. Kxe1 Kg7 37. Be3 $11) 36. Be3 (36. Rd1 Re2 37. b4 Rc2 $16) 36... h5 37. h4
Kg7 (37... Rd8 $5 $11) 38. Rd1 $16 Kf6 39. Rd5 R4e5 $4 {the position is going
down the drain} (39... Rb8 $142 $16) 40. Bd4 $18 1-0